00217nam a2200085Ia 4500008004100000100001300041245003000054260002700084650002000111190216s9999||||xx |||||||||||||| ||und|| aEdassery 0aAdhunika Gadya Mathrkagal bUniversity Of Calicut aEssay Malayalam